000 00715nam a2200289Ia 4500
005 20260324123905.0
008 008 260324s9999 xx 000 0 eng d
020 _a9781003421498
037 _aEBOOK
040 _aCRL
040 _beng
040 _cCRL
041 _2eng
041 _aeng
084 _qCRL
100 _aM. Schutze
_91172048
245 0 _aProtective Systems for High Temperature Applications EFC 57
245 0 _bFrom Theory to Industrial Implementation
260 _bTaylor and Francis
260 _c2011
365 _a
365 _b560
856 _uhttp://www.taylorfrancis.com/books/9781003421498
942 _cEBOOK
999 _c1765949
_d1765949